000
00312nam a2200133Ia 4500
008
240624s9999 xx 000 0 und d
041
_a
eng
082
_a
658.4012 DAV
100
_a
DAVENI RICHARD A
245
_a
HYPERCOMPETITION
260
_c
1994
_a
New York
_b
Free Press
300
_a
448 : p.
365
_c
_b
30
999
_c
27961
_d
27961